Titiwini's Top 5 - Statistiques

Statistiques générales
  • Ce quiz a été pris 3 fois
  • Le résultat moyen est 16 sur 50
Statistiques - réponses
Hint Réponse % Correct
Sport Basketball
100%
Animé Dragon Ball
100%
Sport Football
100%
Animé Naruto
100%
Rap FR Ninho
100%
Rap FR Niska
100%
Rap US 21 Savage
67%
Rap FR Damso
67%
Animé Fairy Tail
67%
Rap US Future
67%
Rap FR Gazo
67%
Série Peaky Blinders
67%
Sport Tennis
67%
Rap US Travis Scott
67%
Série Vikings
67%
Sport Volleyball
67%
Rap US 2Pac
33%
Animé Hunter X Hunter
33%
Sportif Lebron James
33%
Album FR Lithopédion
33%
Sportif Messi
33%
Album FR M.I.L.S
33%
Sport Natation
33%
Animé One Piece
33%
Film Philadelphia
33%
Album US Savage Mode II
33%
Série Top Boy
33%
Sportif Ali
0%
Album US All Eyes On Me
0%
Touriste Bali
0%
Touriste Barcelone
0%
Série Casa de papel
0%
Album US Get Rich Or Die Tryin'
0%
Touriste Ile Maurice
0%
Album US ISSA Album
0%
Album FR KMT
0%
Rap FR Koba la d
0%
Film Les 8 Salopards
0%
Album FR L'Etrange Histoire de Mr Anderson
0%
Film Ligne verte
0%
Touriste Lisbonne
0%
Sportif Mc Gregor
0%
Touriste Miami
0%
Album FR Mr Sal
0%
Rap US Pop Smoke
0%
Film Pulpe Fiction
0%
Album US Shoot For The Stars Aim For The Moon
0%
Série Stranger Things
0%
Film Terminal
0%
Sportif Tyson
0%
Aucun quiz correspondant
Distribution des résultats
% des personnes avec chaque résultat
Percentile par nombre de réponses
Votre historique - résultats
Vous n’avez pas pris ce quiz